They shall expel demons : (Record no. 8042)
[ view plain ]
| 000 -LEADER | |
|---|---|
| fixed length control field | 00986cam a2200313 a 4500 |
| 001 - CONTROL NUMBER | |
| control field | 215268 |
| 003 - CONTROL NUMBER IDENTIFIER | |
| control field | GBCCL |
| 005 - DATE AND TIME OF LATEST TRANSACTION | |
| control field | 20241126110642.0 |
| 008 - FIXED-LENGTH DATA ELEMENTS--GENERAL INFORMATION | |
| fixed length control field | 971119s1998 miu b 001 0 eng |
| 010 ## - | |
| -- | 97043975 |
| 020 ## - INTERNATIONAL STANDARD BOOK NUMBER | |
| International Standard Book Number | 0800792602 (pbk.) |
| 020 ## - INTERNATIONAL STANDARD BOOK NUMBER | |
| International Standard Book Number | 9780800792602 (pbk.) |
| 035 ## - SYSTEM CONTROL NUMBER | |
| System control number | (OCoLC)ocm38030159 |
| 035 ## - SYSTEM CONTROL NUMBER | |
| System control number | (OCoLC)38030159 |
| 040 ## - CATALOGING SOURCE | |
| Original cataloging agency | DLC |
| Transcribing agency | DLC |
| Modifying agency | BAKER |
| -- | BTCTA |
| -- | YDXCP |
| -- | LBB |
| 049 ## - | |
| -- | LBBK |
| 050 00 - | |
| -- | BV873.E8 |
| -- | P75 1998 |
| 082 00 - DEWEY DECIMAL CLASSIFICATION NUMBER | |
| Classification number | 265.94 |
| Edition information | 21 |
| Item number | PRI |
| 090 ## - LOCALLY ASSIGNED LC-TYPE CALL NUMBER (OCLC); LOCAL CALL NUMBER (RLIN) | |
| Classification number (OCLC) (R) ; Classification number, CALL (RLIN) (NR) | BV873.E8 |
| Local cutter number (OCLC) ; Book number/undivided call number, CALL (RLIN) | P75 1998 |
| 100 1# - MAIN ENTRY--PERSONAL NAME | |
| Personal name | Prince, Derek. |
| 9 (RLIN) | 7775 |
| 245 10 - TITLE STATEMENT | |
| Title | They shall expel demons : |
| Remainder of title | what you need to know about demons--your invisible enemies / |
| Statement of responsibility, etc. | Derek Prince. |
| 260 ## - PUBLICATION, DISTRIBUTION, ETC. | |
| Place of publication, distribution, etc. | New Zealand : |
| Name of publisher, distributor, etc. | Derekprince ministries, |
| Date of publication, distribution, etc. | 2006 |
| 300 ## - PHYSICAL DESCRIPTION | |
| Extent | 306 p. ; |
| Dimensions | 22 cm. |
| 504 ## - BIBLIOGRAPHY, ETC. NOTE | |
| Bibliography, etc. note | Includes bibliographical references (p. 249) and index. |
| 520 ## - SUMMARY, ETC. | |
| Summary, etc. | Christian Library of Lancaster Collection. |
| 650 #0 - SUBJECT ADDED ENTRY--TOPICAL TERM | |
| Topical term or geographic name entry element | Exorcism. |
| 9 (RLIN) | 3942 |
| 650 #0 - SUBJECT ADDED ENTRY--TOPICAL TERM | |
| Topical term or geographic name entry element | Demonology. |
| 9 (RLIN) | 343 |
| 942 ## - ADDED ENTRY ELEMENTS (KOHA) | |
| Source of classification or shelving scheme | Dewey Decimal Classification |
| Koha item type | Books |
| Koha issues (borrowed), all copies | 5 |
| Withdrawn status | Lost status | Source of classification or shelving scheme | Damaged status | Not for loan | Home library | Current Library | Shelving location | Date acquired | Total checkouts | Total renewals | Full call number | Barcode | Date last seen | Date last checked out | Copy number | Price effective from | Koha item type |
|---|---|---|---|---|---|---|---|---|---|---|---|---|---|---|---|---|---|
| Dewey Decimal Classification | GRACE BIBLE COLLEGE | GRACE BIBLE COLLEGE | Ministry & Mission | 2019-01-17 | 4 | 2 | 265.94 PRI | 014471 | 2025-05-01 | 2025-02-19 | c.1 | 2019-01-17 | Books | ||||
| Dewey Decimal Classification | GRACE BIBLE COLLEGE | GRACE BIBLE COLLEGE | Ministry & Mission | 2019-01-17 | 2 | 265.94 PRI | 014472 | 2025-05-01 | 2024-08-20 | c.2 | 2019-01-17 | Books |